Smaki nudli Knorr - Statystyki

Ogólne statystyki
  • Ten quiz został rozwiązany 10 razy
  • Średni wynik to 3 z 9
Statystyki odpowiedzi
Odpowiedzi % Poprawnych
Ser w ziołach
71%
Pomidorowe pikantne
57%
Ostry boczek
43%
Pomidorowe łagodne
43%
Słodko-kwaśny kurczak
29%
BBQ ribs
14%
Serowe pikantne
14%
Teriyaki
14%
Kurczak pikantny
0%
Nie znaleziono quizów pasujących do podanych kryteriów
Rozkład punktacji
Procent ludzi z każdym wynikiem
Percentyl według liczby udzielonych odpowiedzi
Twoja historia wyników
Nie rozwiązałeś tego quizu